[Event "Drammen Smartfish Masters"]
[Site "Drammen"]
[Date "2004.12.27"]
[Round "1"]
[White "Nielsen, Peter Heine"]
[Black "Carlsen, Magnus"]
[Result "1-0"]
[WhiteElo "2663"]
[BlackElo "2581"]
[PlyCount "127"]
[EventDate "2004.12.27"]
[EventType "tourn"]
[EventRounds "9"]
[EventCountry "NOR"]
[EventCategory "14"]
[WhiteTeam "Germany"]
[BlackTeam "Germany"]
[WhiteTeamCountry "GER"]
[BlackTeamCountry "GER"]

1. Nf3 Nf6 2. c4 c6 3. d4 d5 4. Nc3 dxc4 5. a4 Bf5 6. Ne5 Nbd7 7. Nxc4 Qc7 8.
g3 e5 9. dxe5 Nxe5 10. Bf4 Nfg4 11. f3 g5 12. fxg4 gxf4 13. Nxe5 Qxe5 14. gxf5
Bc5 15. Qc2 O-O-O 16. Qe4 fxg3 17. Bg2 Qd6 18. Qd3 Qf4 19. Qxg3 Qd2+ 20. Kf1
Qxb2 21. Rb1 Qxb1+ 22. Nxb1 Rd1+ 23. Qe1 Rhd8 24. Be4 Rxe1+ 25. Kxe1 Rd4 26.
Bc2 Kc7 27. e4 a5 28. Ke2 Rc4 29. Kd3 Rd4+ 30. Ke2 Rc4 31. Kd3 Rd4+ 32. Kc3 b5
33. axb5 cxb5 34. Rd1 Rc4+ 35. Kd3 a4 36. Nd2 Rd4+ 37. Ke2 a3 38. Bb3 f6 39.
Bd5 Kb6 40. Rc1 Ra4 41. Nb3 Bb4 42. Rc6+ Ka7 43. Nc1 Ra6 44. Rc7+ Kb6 45. Rb7+
Ka5 46. Nb3+ Ka4 47. Nd4 Bc5 48. Kd3 Bxd4 49. Kxd4 Kb4 50. Rxh7 a2 51. Bxa2
Rxa2 52. Rh6 Rd2+ 53. Ke3 Rd6 54. e5 Rd5 55. e6 Kc5 56. Rxf6 b4 57. Kf4 Rd4+
58. Kg5 b3 59. Rf8 Rb4 60. e7 b2 61. e8=Q b1=Q 62. Qe5+ Kc4 63. Rc8+ Kb3 64.
Qc3+ 1-0

[Event "Gausdal Classic"]
[Site "Gausdal"]
[Date "2004.10.01"]
[Round "9"]
[White "Smeets, Jan"]
[Black "Carlsen, Magnus"]
[Result "0-1"]
[WhiteElo "2545"]
[BlackElo "2567"]
[PlyCount "72"]
[EventDate "2004.09.23"]
[EventType "tourn"]
[EventRounds "9"]
[EventCountry "NOR"]
[EventCategory "10"]
[WhiteTeam "Norway"]
[BlackTeam "Norway"]
[WhiteTeamCountry "NOR"]
[BlackTeamCountry "NOR"]

1. e4 c5 2. Nf3 Nc6 3. Nc3 g6 4. d4 cxd4 5. Nxd4 Bg7 6. Be3 Nf6 7. Be2 O-O 8.
O-O d6 9. Nb3 a6 10. a4 Be6 11. f4 Rc8 12. Qd2 Na5 13. Nxa5 Qxa5 14. Bf3 Qb4
15. Rfb1 Ng4 16. Bxg4 Bxg4 17. Qd3 Qc4 18. a5 Bd7 19. Ra3 f5 20. Nd5 Qxd3 21.
cxd3 Rce8 22. Rb3 Bc6 23. Nc7 Rc8 24. Ne6 fxe4 25. Nxf8 Rxf8 26. dxe4 Bxe4 27.
Rc1 Rf5 28. Rc7 Kf7 29. Bd2 Bc6 30. Re3 Bd4 31. Rcxe7+ Kf8 32. g3 g5 33. fxg5
Rf3 34. Bc1 Bc5 35. Bd2 d5 36. Kg2 Rxe3 0-1

[Event "Gausdal Classic"]
[Site "Gausdal"]
[Date "2004.09.28"]
[Round "6"]
[White "Carlsen, Magnus"]
[Black "Bromberger, Stefan"]
[Result "0-1"]
[WhiteElo "2567"]
[BlackElo "2440"]
[PlyCount "88"]
[EventDate "2004.09.23"]
[EventType "tourn"]
[EventRounds "9"]
[EventCountry "NOR"]
[EventCategory "10"]
[WhiteTeam "Norway"]
[BlackTeam "Norway"]
[WhiteTeamCountry "NOR"]
[BlackTeamCountry "NOR"]

1. e4 c5 2. Nf3 d6 3. d4 Nf6 4. Nc3 cxd4 5. Nxd4 a6 6. Be3 e6 7. g4 e5 8. Nf5
g6 9. g5 gxf5 10. exf5 d5 11. Qf3 d4 12. O-O-O Nbd7 13. Bd2 Qa5 14. gxf6 dxc3
15. Bxc3 Bb4 16. Rd5 Qb6 17. Bxe5 Nxe5 18. Rxe5+ Kd8 19. Bg2 Kc7 20. Rd1 Bd7
21. Qf4 Bd6 22. Qc4+ Kb8 23. Re7 Rc8 24. Qxf7 Qc7 25. Rd2 Bf4 26. Qb3 Bxd2+ 27.
Kxd2 Qf4+ 28. Kd1 Rc7 29. Qg3 Qxf5 30. Be4 Qg4+ 31. f3 Qxg3 32. hxg3 Ka7 33. g4
Kb6 34. g5 Bc6 35. Rxc7 Kxc7 36. Bxh7 Bxf3+ 37. Kd2 Re8 38. g6 Bd5 39. f7 Rd8
40. Ke3 Kd6 41. Kf4 Ke7 42. Ke5 Bxa2 43. Bg8 Rxg8 44. fxg8=Q Bxg8 0-1

[Event "Gausdal Classic"]
[Site "Gausdal"]
[Date "2004.09.26"]
[Round "4"]
[White "Carlsen, Magnus"]
[Black "Sammalvuo, Tapani"]
[Result "1/2-1/2"]
[WhiteElo "2567"]
[BlackElo "2445"]
[PlyCount "105"]
[EventDate "2004.09.23"]
[EventType "tourn"]
[EventRounds "9"]
[EventCountry "NOR"]
[EventCategory "10"]
[WhiteTeam "Norway"]
[BlackTeam "Norway"]
[WhiteTeamCountry "NOR"]
[BlackTeamCountry "NOR"]

1. e4 c5 2. Nf3 d6 3. d4 cxd4 4. Nxd4 Nf6 5. Nc3 a6 6. Be3 e6 7. g4 e5 8. Nf5
g6 9. g5 gxf5 10. exf5 d5 11. gxf6 d4 12. Bc4 Qc7 13. Qd3 dxe3 14. O-O-O exf2
15. Bxf7+ Kxf7 16. Qd5+ Kxf6 17. Ne4+ Ke7 18. f6+ Ke8 19. f7+ Ke7 20. Qd2 Qb6
21. Qg5+ Kxf7 22. Rhf1 Bh6 23. Rxf2+ Ke8 24. Rd8+ Qxd8 25. Qxh6 Qe7 26. Nf6+
Kd8 27. Nd5 Qe6 28. Qg5+ Kd7 29. Qg7+ Kc6 30. Rf6 Kxd5 31. Rxe6 Kxe6 32. Qxh8
Nc6 33. h4 b5 34. Qg8+ Kd6 35. h5 Ne7 36. Qh8 Ra7 37. Qxh7 Bf5 38. Qh6+ Kd5 39.
Qf6 Rc7 40. c3 b4 41. Qb6 Rc4 42. Qf6 Rc7 43. Kd2 bxc3+ 44. bxc3 a5 45. a4 Rd7
46. h6 Ke4+ 47. Kc1 Nd5 48. Qa6 Kf4 49. Qc6 Ne7 50. Qb6 Nd5 51. Qc6 Ne7 52. Qb6
Nd5 53. Qc6 1/2-1/2

[Event "Gausdal Classic"]
[Site "Gausdal"]
[Date "2004.09.24"]
[Round "2"]
[White "Carlsen, Magnus"]
[Black "Lugovoi, Aleksei"]
[Result "0-1"]
[WhiteElo "2567"]
[BlackElo "2540"]
[PlyCount "86"]
[EventDate "2004.09.23"]
[EventType "tourn"]
[EventRounds "9"]
[EventCountry "NOR"]
[EventCategory "10"]
[WhiteTeam "Norway"]
[BlackTeam "Norway"]
[WhiteTeamCountry "NOR"]
[BlackTeamCountry "NOR"]

1. e4 c5 2. Nf3 d6 3. d4 cxd4 4. Nxd4 Nf6 5. Nc3 Nc6 6. Bg5 e6 7. Qd2 Be7 8.
O-O-O O-O 9. f4 Nxd4 10. Qxd4 Qa5 11. Bc4 Bd7 12. Kb1 Bc6 13. Bb3 Rfd8 14. Rhe1
h6 15. Bh4 Qh5 16. Bg3 d5 17. exd5 Nxd5 18. Bxd5 Bf6 19. Qc5 Bxc3 20. Qxc3 Bxd5
21. Rc1 Rac8 22. Qe3 Bxg2 23. Rg1 Bd5 24. f5 Qxf5 25. Bh4 Re8 26. Qxh6 Qh7 27.
Qxh7+ Kxh7 28. Rce1 e5 29. Re3 Re6 30. Reg3 g6 31. Re3 Rc4 32. Be1 f6 33. b3
Rf4 34. Rh3+ Kg7 35. Bd2 Rf3 36. Rh4 g5 37. Kc1 Re8 38. Rhg4 Rh3 39. c4 Bc6 40.
Bxg5 fxg5 41. Rxg5+ Kf6 42. Rg6+ Ke7 43. Rg7+ Kd8 0-1

[Event "Lausanne YM 5th"]
[Site "Lausanne"]
[Date "2004.09.20"]
[Round "3.4"]
[White "Lahno, Kateryna"]
[Black "Carlsen, Magnus"]
[Result "1/2-1/2"]
[WhiteElo "2472"]
[BlackElo "2567"]
[PlyCount "57"]
[EventDate "2004.09.15"]
[EventType "k.o."]
[EventRounds "3"]
[EventCountry "SUI"]
[WhiteTeam "Norway"]
[BlackTeam "Norway"]
[WhiteTeamCountry "NOR"]
[BlackTeamCountry "NOR"]

1. e4 c6 2. d4 d5 3. e5 Nh6 4. Be2 Qb6 5. Nf3 Bg4 6. O-O e6 7. c3 Nf5 8. h3
Bxf3 9. Bxf3 c5 10. c4 dxc4 11. d5 Nd7 12. Na3 Nxe5 13. Qa4+ Kd8 14. dxe6 Nxf3+
15. gxf3 Qxe6 16. Bg5+ f6 17. Rad1+ Bd6 18. Bf4 Nd4 19. Bxd6 Qxd6 20. Nb5 Qd5
21. Rfe1 Nxf3+ 22. Kf1 Nh2+ 23. Kg1 Nf3+ 24. Kf1 Nd4 25. Qa5+ b6 26. Nxd4 Qh1+
27. Ke2 Qe4+ 28. Kf1 Qh1+ 29. Ke2 1/2-1/2

[Event "Lausanne YM 5th"]
[Site "Lausanne"]
[Date "2004.09.19"]
[Round "3.1"]
[White "Carlsen, Magnus"]
[Black "Lahno, Kateryna"]
[Result "0-1"]
[WhiteElo "2567"]
[BlackElo "2472"]
[PlyCount "106"]
[EventDate "2004.09.15"]
[EventType "k.o."]
[EventRounds "3"]
[EventCountry "SUI"]
[WhiteTeam "Norway"]
[BlackTeam "Norway"]
[WhiteTeamCountry "NOR"]
[BlackTeamCountry "NOR"]

1. e4 e5 2. Nf3 Nf6 3. Nxe5 d6 4. Nf3 Nxe4 5. Bd3 Nf6 6. h3 Be7 7. O-O O-O 8.
c3 b6 9. Bc2 Bb7 10. Re1 Re8 11. d4 Nbd7 12. Bg5 Nf8 13. Nbd2 Ng6 14. Ba4 Nd7
15. Be3 a6 16. Nf1 b5 17. Bb3 Nb6 18. Ng3 Nd5 19. Nh2 Nh4 20. Qg4 Qc8 21. Qh5
g6 22. Qh6 Nxg2 23. Kxg2 Bf8 24. Qh4 Nxe3+ 25. Kg1 Nc4 26. Ng4 Bg7 27. Qg5
Rxe1+ 28. Rxe1 Qf8 29. Bc2 h6 30. Qf4 Re8 31. Rxe8 Qxe8 32. Be4 Bxe4 33. Nxe4
Qe7 34. Nef6+ Bxf6 35. Nxf6+ Kg7 36. Nd5 Qd8 37. b3 Nb6 38. Ne3 Qg5+ 39. Qxg5
hxg5 40. Kg2 f5 41. Kf3 c5 42. dxc5 dxc5 43. c4 bxc4 44. Nxc4 Nxc4 45. bxc4 Kf6
46. Ke3 Ke5 47. f3 a5 48. a4 Ke6 49. Ke2 g4 50. hxg4 fxg4 51. fxg4 Ke5 52. Kd3
Kf4 53. g5 Kf3 0-1

[Event "Lausanne YM 5th"]
[Site "Lausanne"]
[Date "2004.09.18"]
[Round "2.2"]
[White "Papa, Severin"]
[Black "Carlsen, Magnus"]
[Result "1/2-1/2"]
[WhiteElo "2397"]
[BlackElo "2567"]
[PlyCount "84"]
[EventDate "2004.09.15"]
[EventType "k.o."]
[EventRounds "3"]
[EventCountry "SUI"]
[WhiteTeam "Norway"]
[BlackTeam "Norway"]
[WhiteTeamCountry "NOR"]
[BlackTeamCountry "NOR"]

1. d4 Nf6 2. c4 g6 3. Nc3 d5 4. Nf3 Bg7 5. Bg5 Ne4 6. Bh4 Nxc3 7. bxc3 c5 8. e3
Nc6 9. cxd5 Qxd5 10. Be2 cxd4 11. cxd4 Qa5+ 12. Qd2 Qxd2+ 13. Kxd2 O-O 14. Rab1
b6 15. Bb5 Bb7 16. Rhc1 Rfc8 17. Bxc6 Bxc6 18. Bxe7 Bd5 19. a3 f6 20. Rxc8+
Rxc8 21. Rc1 Rxc1 22. Kxc1 Kf7 23. Bd6 Ke6 24. Bb8 Bf8 25. Kb2 a6 26. Bc7 b5
27. Ne1 Bc4 28. Ba5 Bd6 29. h3 Kd5 30. Bb4 Bh2 31. Nf3 Bc7 32. Nd2 Be2 33. Kc3
a5 34. e4+ Kc6 35. Bf8 Kd7 36. Bc5 h5 37. g3 f5 38. d5 Be5+ 39. Kc2 fxe4 40.
Nxe4 Bc4 41. f4 Bg7 42. Nc3 Bxc3 1/2-1/2

[Event "Lausanne YM 5th"]
[Site "Lausanne"]
[Date "2004.09.16"]
[Round "1.4"]
[White "Carlsen, Magnus"]
[Black "Alekseev, Evgeny"]
[Result "1/2-1/2"]
[WhiteElo "2567"]
[BlackElo "2606"]
[PlyCount "95"]
[EventDate "2004.09.15"]
[EventType "k.o."]
[EventRounds "3"]
[EventCountry "SUI"]
[WhiteTeam "Norway"]
[BlackTeam "Norway"]
[WhiteTeamCountry "NOR"]
[BlackTeamCountry "NOR"]

1. e4 c5 2. Nf3 Nc6 3. Nc3 Nf6 4. e5 Ng4 5. Qe2 d6 6. exd6 e6 7. Qc4 Nf6 8.
Qxc5 Bxd6 9. Qg5 O-O 10. Bd3 Nb4 11. O-O Nxd3 12. cxd3 b6 13. b3 Bb7 14. Bb2 h6
15. Qh4 Nd5 16. Qg4 Nf6 17. Qh3 Rc8 18. Rae1 Rc5 19. Ne4 Nxe4 20. dxe4 Ba6 21.
Qg4 g6 22. d3 Bxd3 23. e5 Be7 24. Rd1 Rd5 25. Rfe1 Bf5 26. Rxd5 Bxg4 27. Rxd8
Rxd8 28. Bc1 Kg7 29. Be3 Bxf3 30. gxf3 g5 31. Rc1 Rd7 32. Rc8 Kg6 33. Rg8+ Kf5
34. Rh8 Bc5 35. Bxc5 bxc5 36. Rxh6 Kxe5 37. h4 Kf5 38. Rh5 f6 39. hxg5 fxg5 40.
Rh8 Rd2 41. a4 Rb2 42. Rc8 Rxb3 43. Rxc5+ Kf4 44. Kg2 Ra3 45. Rc4+ Kf5 46. Kg3
e5 47. Rb4 Ra2 48. Rc4 1/2-1/2

[Event "Lausanne YM 5th"]
[Site "Lausanne"]
[Date "2004.09.16"]
[Round "1.2"]
[White "Carlsen, Magnus"]
[Black "Alekseev, Evgeny"]
[Result "1/2-1/2"]
[WhiteElo "2567"]
[BlackElo "2606"]
[PlyCount "84"]
[EventDate "2004.09.15"]
[EventType "k.o."]
[EventRounds "3"]
[EventCountry "SUI"]
[WhiteTeam "Norway"]
[BlackTeam "Norway"]
[WhiteTeamCountry "NOR"]
[BlackTeamCountry "NOR"]

1. e4 c5 2. Nf3 Nc6 3. d4 cxd4 4. Nxd4 Nf6 5. Nc3 e5 6. Ndb5 d6 7. Bg5 a6 8.
Na3 b5 9. Bxf6 gxf6 10. Nd5 f5 11. g3 fxe4 12. Bg2 Be6 13. Bxe4 Rc8 14. Qh5 Bg7
15. c3 Ne7 16. Rd1 Rc5 17. Nxe7 Qxe7 18. Nc2 d5 19. Bf5 d4 20. O-O Bxf5 21.
Qxf5 dxc3 22. bxc3 O-O 23. Ne3 e4 24. Rd5 Rxd5 25. Nxd5 Qe6 26. Qh5 Qe5 27.
Qxe5 Bxe5 28. a4 bxa4 29. Ra1 Rd8 30. Ne7+ Kf8 31. Nc6 Bxc3 32. Rxa4 Rd1+ 33.
Kg2 Ra1 34. Rc4 Bf6 35. Nb8 Kg7 36. Rxe4 a5 37. Nd7 Bb2 38. Rg4+ Kh8 39. Rf4
Kg7 40. Rg4+ Kh8 41. Rf4 Kg7 42. Rg4+ Kh8 1/2-1/2

[Event "Lausanne YM 5th"]
[Site "Lausanne"]
[Date "2004.09.16"]
[Round "1.3"]
[White "Alekseev, Evgeny"]
[Black "Carlsen, Magnus"]
[Result "1-0"]
[WhiteElo "2606"]
[BlackElo "2567"]
[PlyCount "117"]
[EventDate "2004.09.15"]
[EventType "k.o."]
[EventRounds "3"]
[EventCountry "SUI"]
[WhiteTeam "Norway"]
[BlackTeam "Norway"]
[WhiteTeamCountry "NOR"]
[BlackTeamCountry "NOR"]

1. e4 e5 2. Nf3 Nc6 3. Bc4 Nf6 4. d3 Be7 5. O-O O-O 6. Bb3 d6 7. c3 d5 8. Nbd2
dxe4 9. dxe4 Bc5 10. Qe2 Qe7 11. Nc4 h6 12. Bc2 a5 13. Be3 b6 14. Rfd1 Ba6 15.
Bd3 Rfd8 16. Bxc5 Qxc5 17. Ncxe5 Nxe5 18. Nxe5 Bb7 19. Ng4 Nxg4 20. Qxg4 Rd6
21. Bc2 Rg6 22. Qe2 Ba6 23. Qe1 Re8 24. Rd5 Qe7 25. Rad1 Bb7 26. Rd7 Qg5 27. g3
Rge6 28. f3 R6e7 29. Rxe7 Qxe7 30. Qf2 Bc8 31. Qd4 Be6 32. a3 Qg5 33. Kf2 Qh5
34. h4 Qc5 35. Qxc5 bxc5 36. Rd2 Rb8 37. Ba4 Kf8 38. Ke3 Ke7 39. f4 f5 40. exf5
Bxf5 41. Bd1 Kf6 42. g4 Be6 43. g5+ hxg5 44. hxg5+ Ke7 45. Bf3 Rh8 46. Bd5 Rh3+
47. Ke4 Bc8 48. Bc4 c6 49. Bf1 Rg3 50. Rg2 Rh3 51. Rf2 Rg3 52. Rg2 Rh3 53. Re2
Rg3 54. Bg2 Ba6 55. Rd2 Ke6 56. f5+ Ke7 57. Kf4 Rd3 58. Rxd3 Bxd3 59. Ke5 1-0

[Event "Lausanne YM 5th"]
[Site "Lausanne"]
[Date "2004.09.15"]
[Round "1.1"]
[White "Alekseev, Evgeny"]
[Black "Carlsen, Magnus"]
[Result "1/2-1/2"]
[WhiteElo "2606"]
[BlackElo "2567"]
[PlyCount "80"]
[EventDate "2004.09.15"]
[EventType "k.o."]
[EventRounds "3"]
[EventCountry "SUI"]
[WhiteTeam "Norway"]
[BlackTeam "Norway"]
[WhiteTeamCountry "NOR"]
[BlackTeamCountry "NOR"]

1. e4 e5 2. Nf3 Nc6 3. Bc4 Nf6 4. d3 Be7 5. O-O O-O 6. Bb3 d6 7. c3 d5 8. Nbd2
dxe4 9. dxe4 Bc5 10. Qe2 Qe7 11. Nc4 Bg4 12. h3 Be6 13. Kh2 a6 14. Bg5 h6 15.
Bh4 g5 16. Bg3 Nh5 17. Ncd2 Rad8 18. Rad1 Ba7 19. Ba4 b5 20. Bb3 Rd6 21. a4 Rb8
22. axb5 axb5 23. Ra1 Bb6 24. Rfd1 Rbd8 25. Qxb5 Bxb3 26. Qxb3 Nxg3 27. fxg3
Qe6 28. Qxe6 fxe6 29. Rf1 Rxd2 30. Nxd2 Rxd2 31. Rf6 Nd8 32. Raf1 Kg7 33. Rf8
Rd7 34. Re8 Bc5 35. b4 Be7 36. g4 Bf6 37. b5 Kf7 38. Rh8 Kg7 39. Re8 Kf7 40.
Rh8 Kg7 1/2-1/2

[Event "Politiken Cup 26th"]
[Site "Copenhagen"]
[Date "2004.08.01"]
[Round "10"]
[White "Lindberg, Bengt"]
[Black "Carlsen, Magnus"]
[Result "1/2-1/2"]
[WhiteElo "2422"]
[BlackElo "2567"]
[PlyCount "99"]
[EventDate "2004.07.24"]
[EventType "swiss"]
[EventRounds "10"]
[EventCountry "DEN"]
[WhiteTeam "Norway"]
[BlackTeam "Norway"]
[WhiteTeamCountry "NOR"]
[BlackTeamCountry "NOR"]

1. e4 c5 2. Nf3 d6 3. d4 cxd4 4. Nxd4 Nf6 5. Nc3 a6 6. Be2 e5 7. Nb3 Be7 8. Be3
Be6 9. Nd5 Nbd7 10. Qd3 O-O 11. c4 b5 12. cxb5 axb5 13. O-O Rb8 14. Rfd1 Bxd5
15. exd5 Re8 16. Rac1 e4 17. Qd2 Ne5 18. Nd4 Nxd5 19. Nc6 Nxc6 20. Qxd5 Nb4 21.
Qd2 Nd3 22. Bxd3 exd3 23. Qxd3 Bf6 24. Rc2 Be5 25. g3 h5 26. h4 Qf6 27. Kg2 Qe6
28. Qd5 Qg6 29. Re2 Re6 30. Qd3 Qg4 31. Bg5 f6 32. Bc1 Bxg3 33. f3 Rxe2+ 34.
Qxe2 Qg6 35. Qd3 Qxd3 36. Rxd3 Bxh4 37. Rxd6 Rc8 38. Be3 Re8 39. Rd3 f5 40. f4
Bf6 41. Rb3 Bxb2 42. Kf3 Bf6 43. Rxb5 g6 44. a4 Re4 45. Rb6 Kg7 46. Rb7+ Kh6
47. Bc5 g5 48. fxg5+ Kxg5 49. Rb4 Rxb4 50. Bxb4 1/2-1/2

[Event "Politiken Cup 26th"]
[Site "Copenhagen"]
[Date "2004.07.31"]
[Round "9"]
[White "Carlsen, Magnus"]
[Black "Rozentalis, Eduardas"]
[Result "1/2-1/2"]
[WhiteElo "2567"]
[BlackElo "2619"]
[PlyCount "26"]
[EventDate "2004.07.24"]
[EventType "swiss"]
[EventRounds "10"]
[EventCountry "DEN"]
[WhiteTeam "Norway"]
[BlackTeam "Norway"]
[WhiteTeamCountry "NOR"]
[BlackTeamCountry "NOR"]

1. e4 e5 2. Nf3 Nf6 3. Nxe5 d6 4. Nf3 Nxe4 5. d4 d5 6. Bd3 Be7 7. O-O Nc6 8. c4
Nf6 9. Nc3 O-O 10. h3 Nb4 11. Be2 dxc4 12. Bxc4 c6 13. Bg5 Nbd5 1/2-1/2

[Event "Politiken Cup 26th"]
[Site "Copenhagen"]
[Date "2004.07.28"]
[Round "6"]
[White "De Firmian, Nick E"]
[Black "Carlsen, Magnus"]
[Result "1/2-1/2"]
[WhiteElo "2537"]
[BlackElo "2567"]
[PlyCount "97"]
[EventDate "2004.07.24"]
[EventType "swiss"]
[EventRounds "10"]
[EventCountry "DEN"]
[WhiteTeam "Norway"]
[BlackTeam "Norway"]
[WhiteTeamCountry "NOR"]
[BlackTeamCountry "NOR"]

1. e4 c5 2. Nf3 d6 3. d4 cxd4 4. Nxd4 Nf6 5. Nc3 a6 6. Bc4 e6 7. O-O Be7 8. Bb3
b5 9. f4 Bb7 10. e5 dxe5 11. fxe5 Bc5 12. Be3 Nc6 13. exf6 Bxd4 14. Qe2 Bxe3+
15. Qxe3 Qd4 16. Rae1 gxf6 17. Ne4 O-O-O 18. Rxf6 Qxe3+ 19. Rxe3 Rd1+ 20. Kf2
Ne5 21. h3 Rg8 22. g4 Rd4 23. Nc5 Nd7 24. Nxd7 Rxd7 25. Rh6 Rg7 26. Re5 Rd1 27.
c4 Rd2+ 28. Ke3 Rxb2 29. cxb5 axb5 30. Rxb5 Kc7 31. Rbh5 Kd6 32. Rxh7 Rxh7 33.
Rxh7 Ke7 34. g5 Rg2 35. h4 Bd5 36. Bxd5 exd5 37. a4 Kf8 38. a5 Ra2 39. Rh8+ Kg7
40. Ra8 Rh2 41. Rd8 Rxh4 42. Rxd5 f6 43. Kd3 fxg5 44. Rd4 Rh8 45. a6 Kf6 46.
Kc4 Ke5 47. Rd7 g4 48. a7 g3 49. Rg7 1/2-1/2

[Event "Politiken Cup 26th"]
[Site "Copenhagen"]
[Date "2004.07.27"]
[Round "5"]
[White "Carlsen, Magnus"]
[Black "Miezis, Normunds"]
[Result "1/2-1/2"]
[WhiteElo "2567"]
[BlackElo "2502"]
[PlyCount "63"]
[EventDate "2004.07.24"]
[EventType "swiss"]
[EventRounds "10"]
[EventCountry "DEN"]
[WhiteTeam "Norway"]
[BlackTeam "Norway"]
[WhiteTeamCountry "NOR"]
[BlackTeamCountry "NOR"]

1. Nf3 c5 2. e4 e6 3. d4 cxd4 4. Nxd4 a6 5. Bd3 Nc6 6. Nxc6 dxc6 7. Nd2 e5 8.
Nc4 Be6 9. Bd2 Bxc4 10. Bxc4 Qd4 11. Qe2 b5 12. Bb3 Nf6 13. O-O-O Qxe4 14. Rhe1
Qxe2 15. Rxe2 Nd7 16. Bc3 Ra7 17. f4 Be7 18. fxe5 Nc5 19. e6 Nxb3+ 20. axb3 Rg8
21. Bd4 Rb7 22. exf7+ Kxf7 23. Rf1+ Ke8 24. Bc5 Rf8 25. Rfe1 Rf7 26. b4 Kd8 27.
Re6 Bxc5 28. Re8+ Kd7 29. bxc5 Rf1 30. R8e7+ Kc8 31. Re8+ Kd7 32. R8e7+ 1/2-1/2

[Event "NOR-ch"]
[Site "Molde"]
[Date "2004.07.09"]
[Round "8"]
[White "Fyllingen, Roy Harald"]
[Black "Carlsen, Magnus"]
[Result "1/2-1/2"]
[WhiteElo "2374"]
[BlackElo "2552"]
[PlyCount "40"]
[EventDate "2004.07.03"]
[EventType "swiss"]
[EventRounds "9"]
[EventCountry "NOR"]
[WhiteTeam "Norway"]
[BlackTeam "Norway"]
[WhiteTeamCountry "NOR"]
[BlackTeamCountry "NOR"]

1. d4 Nf6 2. Nf3 g6 3. g3 Bg7 4. Bg2 O-O 5. O-O d5 6. c4 dxc4 7. Na3 Nc6 8.
Nxc4 Be6 9. b3 a5 10. Bb2 Bd5 11. Rc1 a4 12. bxa4 Ra6 13. a3 Qa8 14. Ne3 Be4
15. d5 Nxd5 16. Nxd5 Bxb2 17. Nxc7 Qa7 18. Nxa6 Bxc1 19. Qxc1 Qxa6 20. Qh6 Bxf3
1/2-1/2

[Event "NOR-ch"]
[Site "Molde"]
[Date "2004.07.05"]
[Round "3"]
[White "Carlsen, Magnus"]
[Black "Agdestein, Simen"]
[Result "0-1"]
[WhiteElo "2552"]
[BlackElo "2595"]
[PlyCount "76"]
[EventDate "2004.07.03"]
[EventType "swiss"]
[EventRounds "9"]
[EventCountry "NOR"]
[WhiteTeam "Norway"]
[BlackTeam "Norway"]
[WhiteTeamCountry "NOR"]
[BlackTeamCountry "NOR"]

1. e4 e6 2. d4 d5 3. e5 c5 4. c3 Nc6 5. Nf3 Bd7 6. Be2 Nge7 7. Na3 cxd4 8. cxd4
f6 9. O-O fxe5 10. Nxe5 Nxe5 11. dxe5 Nc6 12. Nb5 a6 13. Bd3 g6 14. Qg4 Nxe5
15. Qg3 axb5 16. Qxe5 Rg8 17. Bxb5 Qb6 18. Bd3 Bg7 19. Qg3 e5 20. Be3 Qe6 21.
Rac1 Rxa2 22. Qh4 e4 23. Be2 Bxb2 24. Rb1 Bf6 25. Qxh7 Rg7 26. Qh8+ Rg8 27. Qh7
Rxe2 28. Rxb7 Rc2 29. Rfb1 Rg7 30. Qh8+ Rg8 31. Qh7 Rg7 32. Qh8+ Qg8 33. Qh6
Bc8 34. R7b6 Bd8 35. Rb8 Rgc7 36. R1b6 Qg7 37. Qf4 g5 38. Qd6 Rc1+ 0-1

[Event "NOR-chTA final"]
[Site "Trondheim"]
[Date "2004.05.22"]
[Round "4.1"]
[White "Gausel, Einar"]
[Black "Carlsen, Magnus"]
[Result "1/2-1/2"]
[WhiteElo "2520"]
[BlackElo "2552"]
[PlyCount "53"]
[EventDate "2004.05.19"]
[EventType "team"]
[EventRounds "5"]
[EventCountry "NOR"]
[WhiteTeam "03"]
[BlackTeam "06"]
[WhiteTeamCountry "NOR"]
[BlackTeamCountry "NOR"]

1. d4 Nf6 2. Nf3 g6 3. c4 Bg7 4. Nc3 d5 5. cxd5 Nxd5 6. e4 Nxc3 7. bxc3 c5 8.
Bb5+ Nc6 9. O-O O-O 10. Be3 Bg4 11. d5 Ne5 12. Be2 Nxf3+ 13. Bxf3 Bxf3 14. Qxf3
Bxc3 15. Rab1 Qd6 16. Bh6 Bg7 17. Bxg7 Kxg7 18. Qc3+ Kg8 19. Rxb7 Rfb8 20. Qb3
a6 21. Rb1 Rxb7 22. Qxb7 Rd8 23. g3 Qe5 24. Qb6 Re8 25. Qc6 Rd8 26. Qb6 Re8 27.
Qc6 1/2-1/2

[Event "NOR-chTA final"]
[Site "Trondheim"]
[Date "2004.05.21"]
[Round "3.1"]
[White "Ostenstad, Berge"]
[Black "Carlsen, Magnus"]
[Result "1/2-1/2"]
[WhiteElo "2492"]
[BlackElo "2552"]
[PlyCount "86"]
[EventDate "2004.05.19"]
[EventType "team"]
[EventRounds "5"]
[EventCountry "NOR"]
[WhiteTeam "01"]
[BlackTeam "06"]
[WhiteTeamCountry "NOR"]
[BlackTeamCountry "NOR"]

1. c4 g6 2. d4 Nf6 3. Nc3 Bg7 4. e4 O-O 5. f4 d6 6. Nf3 Na6 7. Bd3 e5 8. fxe5
dxe5 9. d5 Nc5 10. Bc2 a5 11. O-O Ne8 12. Bg5 f6 13. Bh4 Qe7 14. Qe2 Bd7 15. b3
Nd6 16. a3 Na6 17. Kh1 Kh8 18. Nb5 Qe8 19. Nc3 f5 20. Rab1 Nc5 21. Nd2 Ncxe4
22. Bxe4 fxe4 23. Rxf8+ Qxf8 24. Bf2 Nf5 25. Ndxe4 Nd4 26. Qb2 Bf5 27. Re1 Qf7
28. Kg1 Rf8 29. b4 axb4 30. axb4 b5 31. Qa2 bxc4 32. Qxc4 Bxe4 33. Nxe4 c6 34.
Bxd4 cxd5 35. Nd6 dxc4 36. Nxf7+ Rxf7 37. Bxe5 Rb7 38. Kf2 Rxb4 39. Bxg7+ Kxg7
40. Re7+ Kg8 41. Rc7 h5 42. h4 Kf8 43. Ke3 c3 1/2-1/2

[Event "Sigeman & Co 12th"]
[Site "Malmo/Copenhagen"]
[Date "2004.05.04"]
[Round "5"]
[White "Aagaard, Jacob"]
[Black "Carlsen, Magnus"]
[Result "1/2-1/2"]
[WhiteElo "2400"]
[BlackElo "2552"]
[PlyCount "78"]
[EventDate "2004.04.30"]
[EventType "tourn"]
[EventRounds "9"]
[EventCountry "SWE"]
[EventCategory "13"]

1. e4 c5 2. Nf3 Nc6 3. d4 cxd4 4. Nxd4 Nf6 5. Nc3 e5 6. Ndb5 d6 7. Bg5 a6 8.
Na3 b5 9. Bxf6 gxf6 10. Nd5 Bg7 11. c3 f5 12. exf5 Bxf5 13. Nc2 O-O 14. Nce3
Bg6 15. a4 b4 16. Nxb4 Nxb4 17. cxb4 e4 18. Bc4 Bxb2 19. h4 h6 20. Rb1 Bc3+ 21.
Kf1 Kh8 22. g3 f5 23. Nd5 Be5 24. Qd2 Kh7 25. Kg2 Ra7 26. Nf4 Bxf4 27. Qxf4 Bh5
28. Rhe1 Rg7 29. Rbd1 Bxd1 30. Rxd1 Rf6 31. Be6 Kh8 32. Rxd6 Qe7 33. Qe5 f4 34.
Rxa6 e3 35. Ra8+ Rf8 36. Rxf8+ Qxf8 37. fxe3 fxg3 38. Qf4 Qxf4 39. exf4 Ra7
1/2-1/2

[Event "Sigeman & Co 12th"]
[Site "Malmo/Copenhagen"]
[Date "2004.05.03"]
[Round "4"]
[White "Carlsen, Magnus"]
[Black "Beliavsky, Alexander G"]
[Result "1/2-1/2"]
[WhiteElo "2552"]
[BlackElo "2667"]
[PlyCount "86"]
[EventDate "2004.04.30"]
[EventType "tourn"]
[EventRounds "9"]
[EventCountry "SWE"]
[EventCategory "13"]

1. d4 d5 2. c4 c6 3. Nf3 Nf6 4. Nc3 dxc4 5. a4 Bf5 6. Nh4 Bd7 7. e3 e6 8. Bxc4
c5 9. O-O Nc6 10. Nf3 Be7 11. dxc5 Bxc5 12. e4 Qb8 13. h3 O-O 14. Qe2 Nd4 15.
Nxd4 Bxd4 16. Rd1 Qe5 17. Bf4 Qxf4 18. Rxd4 Bc6 19. Bb5 Rfd8 20. Rad1 Rxd4 21.
Rxd4 Bxb5 22. Qxb5 h5 23. g3 Qc7 24. Rc4 Qe7 25. Rd4 a6 26. Qb6 e5 27. Nd5 Nxd5
28. Rxd5 h4 29. g4 Rc8 30. Qd6 Qxd6 31. Rxd6 Rc4 32. Rd8+ Kh7 33. Rd7 f6 34.
Rxb7 Rxa4 35. b4 Kh6 36. Kg2 g6 37. Kf3 Kg5 38. b5 a5 39. b6 Rb4 40. Ra7 Rb3+
41. Kg2 Rxb6 42. Rxa5 Kf4 43. Ra4 Rd6 1/2-1/2